| 000 | 00539nam a2200181 i 4500 | ||
|---|---|---|---|
| 001 | 14804 | ||
| 003 | ES-MaACL | ||
| 005 | 20230906150909.0 | ||
| 007 | t| | ||
| 008 | 990610s1988 cu ||||1| spa d | ||
| 080 | _a821.134.2(7/8).09(082.2) | ||
| 100 | 1 |
_aMorejón, Nancy. _983234 |
|
| 245 | 1 | 0 |
_aFundación de la imagen / _cNancy Morejón. |
| 260 |
_aLa Habana : _bLetras Cubanas, _c1988. |
||
| 300 |
_a294 p. ; _c18 cm. |
||
| 650 | 1 | 4 |
_aLiteratura hispanoamericana- _xHistoria y crítica. _914606 |
| 852 |
_aES-MaACL _jL-21889 _bR.118098 |
||
| 999 |
_c14804 _d14804 |
||